[Event "Ch_SFO"]
[Site "?"]
[Date "2018.03.17"]
[Round "4.6"]
[White "Khegay, Dmitriy"]
[Black "Belozerov, Andrei"]
[Result "1/2-1/2"]
[BlackElo "2526"]
[WhiteElo "2485"]
[LiveChessVersion "1.4.8"]

1. d4 {[%clk 1:30:57]} d5 {[%clk 1:29:08]} 2. c4 {[%clk 1:31:22]} c6
{[%clk 1:29:32]} 3. Nf3 {[%clk 1:31:47]} Nf6 {[%clk 1:29:54]} 4. e3
{[%clk 1:32:14]} e6 {[%clk 1:30:13]} 5. b3 {[%clk 1:32:24]} Nbd7 {[%clk 1:30:31]}
6. Bd3 {[%clk 1:32:46]} Bb4+ {[%clk 1:30:11]} 7. Bd2 {[%clk 1:26:03]} Bd6
{[%clk 1:29:36]} 8. Bc3 {[%clk 1:25:59]} Ne4 {[%clk 1:28:07]} 9. Bb2
{[%clk 1:23:35]} O-O {[%clk 1:26:42]} 10. O-O {[%clk 1:23:58]} Qe7
{[%clk 1:24:18]} 11. Nbd2 {[%clk 1:20:28]} f5 {[%clk 1:22:50]} 12. Ne5
{[%clk 1:20:54]} Bb4 {[%clk 1:13:02]} 13. Nb1 {[%clk 1:19:48]} Nxe5
{[%clk 1:09:31]} 14. dxe5 {[%clk 1:20:11]} Bd7 {[%clk 1:07:12]} 15. a3
{[%clk 1:15:27]} Ba5 {[%clk 1:06:18]} 16. f3 {[%clk 1:12:27]} Ng5
{[%clk 1:05:54]} 17. b4 {[%clk 1:12:29]} dxc4 {[%clk 0:59:30]} 18. Bxc4
{[%clk 1:12:54]} Bb6 {[%clk 0:59:52]} 19. Bd4 {[%clk 1:13:19]} c5
{[%clk 0:59:15]} 20. bxc5 {[%clk 1:13:24]} Bxc5 {[%clk 0:59:40]} 21. Bxc5
{[%clk 0:46:17]} Qxc5 {[%clk 1:00:07]} 22. Qxd7 {[%clk 0:46:41]} Qxc4
{[%clk 1:00:08]} 23. Nd2 {[%clk 0:46:58]} Qc3 {[%clk 0:56:53]} 24. Qd4
{[%clk 0:47:24]} Rac8 {[%clk 0:55:58]} 25. f4 {[%clk 0:47:23]} Qxd4
{[%clk 0:37:34]} 26. exd4 {[%clk 0:47:47]} Ne4 {[%clk 0:37:32]} 27. Nxe4
{[%clk 0:45:15]} fxe4 {[%clk 0:38:01]} 28. Rae1 {[%clk 0:45:24]} Rc3
{[%clk 0:36:52]} 29. Rxe4 {[%clk 0:45:49]} Rxa3 {[%clk 0:37:14]} 30. d5
{[%clk 0:46:01]} exd5 {[%clk 0:37:36]} 31. Rd4 {[%clk 0:46:25]} Rc8
{[%clk 0:28:36]} 32. Rxd5 {[%clk 0:46:45]} Ra2 {[%clk 0:28:54]} 33. Re1
{[%clk 0:39:44]} Rcc2 {[%clk 0:26:59]} 34. e6 {[%clk 0:38:29]} Rxg2+
{[%clk 0:27:10]} 35. Kh1 {[%clk 0:38:56]} Rxh2+ {[%clk 0:27:34]} 36. Kg1
{[%clk 0:39:23]} Rag2+ {[%clk 0:25:33]} 37. Kf1 {[%clk 0:39:38]} Rf2+
{[%clk 0:26:01]} 38. Kg1 {[%clk 0:40:03]} Rfg2+ {[%clk 0:26:27]} 39. Kf1
{[%clk 0:40:29]} Rf2+ {[%clk 0:26:52]} 40. Kg1 {[%clk 0:40:54]} Rfg2+
{[%clk 0:27:16]} 1/2-1/2

[Event "Ch_SFO"]
[Site "?"]
[Date "2018.03.17"]
[Round "4.7"]
[White "Tsydypov, Zhamsaran"]
[Black "Gontcharov, Vladislav"]
[Result "1/2-1/2"]
[BlackElo "2448"]
[WhiteElo "2523"]
[LiveChessVersion "1.4.8"]

1. e4 {[%clk 1:22:50]} e6 {[%clk 1:30:48]} 2. d4 {[%clk 1:23:15]} d5
{[%clk 1:31:14]} 3. Nc3 {[%clk 1:23:40]} Bb4 {[%clk 1:30:49]} 4. a3
{[%clk 1:23:44]} Bxc3+ {[%clk 1:29:24]} 5. bxc3 {[%clk 1:24:13]} dxe4
{[%clk 1:29:01]} 6. Qg4 {[%clk 1:24:35]} Nf6 {[%clk 1:25:40]} 7. Qxg7
{[%clk 1:24:57]} Rg8 {[%clk 1:26:05]} 8. Qh6 {[%clk 1:25:23]} Rg6
{[%clk 1:26:06]} 9. Qd2 {[%clk 1:19:58]} c5 {[%clk 1:16:53]} 10. Ne2
{[%clk 1:18:04]} Qa5 {[%clk 1:16:13]} 11. a4 {[%clk 1:16:32]} Nc6
{[%clk 1:06:32]} 12. Ba3 {[%clk 1:09:22]} cxd4 {[%clk 1:03:16]} 13. Nxd4
{[%clk 1:08:54]} e3 {[%clk 0:58:11]} 14. Qxe3 {[%clk 1:08:37]} Nd5
{[%clk 0:58:18]} 15. Qd2 {[%clk 1:05:16]} Qxc3 {[%clk 0:57:28]} 16. Qxc3
{[%clk 1:04:53]} Nxc3 {[%clk 0:57:53]} 17. Nb5 {[%clk 1:04:53]} Nxb5
{[%clk 0:57:41]} 18. axb5 {[%clk 1:05:15]} Nd4 {[%clk 0:57:48]} 19. O-O-O
{[%clk 1:02:30]} Nf5 {[%clk 0:55:50]} 20. h4 {[%clk 0:58:10]} Rg4
{[%clk 0:47:27]} 21. Be2 {[%clk 0:51:27]} Rf4 {[%clk 0:43:10]} 22. Bf3
{[%clk 0:41:29]} Bd7 {[%clk 0:29:26]} 23. Bxb7 {[%clk 0:38:35]} Rb8
{[%clk 0:29:32]} 24. Bc6 {[%clk 0:34:34]} Bxc6 {[%clk 0:28:23]} 25. bxc6
{[%clk 0:35:02]} Rc4 {[%clk 0:23:57]} 26. Rd7 {[%clk 0:31:04]} Rxc6
{[%clk 0:19:51]} 27. Rhd1 {[%clk 0:24:41]} Ra6 {[%clk 0:18:16]} 28. R7d3
{[%clk 0:24:48]} Rab6 {[%clk 0:13:06]} 29. h5 {[%clk 0:23:29]} Rb1+
{[%clk 0:11:53]} 30. Kd2 {[%clk 0:23:54]} Rxd1+ {[%clk 0:12:14]} 31. Kxd1
{[%clk 0:24:19]} Rd8 {[%clk 0:11:55]} 32. Kd2 {[%clk 0:24:03]} Rxd3+
{[%clk 0:12:18]} 33. Kxd3 {[%clk 0:24:20]} Kd7 {[%clk 0:12:35]} 34. Bf8
{[%clk 0:17:25]} a6 {[%clk 0:08:36]} 35. g3 {[%clk 0:14:24]} Ne7 {[%clk 0:07:58]}
36. Ke4 {[%clk 0:12:34]} Nc6 {[%clk 0:08:20]} 37. Bg7 {[%clk 0:11:34]} Ke7
{[%clk 0:08:33]} 38. Bb2 {[%clk 0:11:27]} f5+ {[%clk 0:06:56]} 39. Kf4
{[%clk 0:11:30]} Kf7 {[%clk 0:07:22]} 40. Kg5 {[%clk 0:10:47]} Na5
{[%clk 0:06:22]} 41. Kh6 {[%clk 0:08:26]} Kg8 {[%clk 0:06:07]} 42. Kg5
{[%clk 0:08:40]} Nc4 {[%clk 0:06:21]} 43. Bc3 {[%clk 0:08:26]} Kf7
{[%clk 0:05:48]} 44. Kh6 {[%clk 0:08:51]} Kg8 {[%clk 0:05:19]} 45. Kg5
{[%clk 0:09:19]} Kf7 {[%clk 0:05:43]} 1/2-1/2

[Event "Ch_SFO"]
[Site "?"]
[Date "2018.03.17"]
[Round "4.8"]
[White "Sviridov, Valery"]
[Black "Ponomarev, Grigori"]
[Result "1-0"]
[BlackElo "2120"]
[WhiteElo "2506"]
[LiveChessVersion "1.4.8"]

1. Nf3 {[%clk 1:30:56]} Nf6 {[%clk 1:30:40]} 2. g3 {[%clk 1:31:17]} g6
{[%clk 1:31:24]} 3. Bg2 {[%clk 1:32:01]} Bg7 {[%clk 1:31:48]} 4. O-O
{[%clk 1:32:23]} O-O {[%clk 1:32:12]} 5. c4 {[%clk 1:32:25]} d6 {[%clk 1:32:36]}
6. Nc3 {[%clk 1:32:44]} Nc6 {[%clk 1:32:43]} 7. d4 {[%clk 1:32:59]} a6
{[%clk 1:32:33]} 8. Qd3 {[%clk 1:33:06]} e5 {[%clk 1:31:13]} 9. dxe5
{[%clk 1:33:07]} dxe5 {[%clk 1:31:18]} 10. Qxd8 {[%clk 1:33:27]} Rxd8
{[%clk 1:31:29]} 11. Bg5 {[%clk 1:33:48]} Be6 {[%clk 1:29:18]} 12. Nd2
{[%clk 1:32:37]} h6 {[%clk 1:21:45]} 13. Bxf6 {[%clk 1:32:58]} Rxd2
{[%clk 1:20:17]} 14. Bxg7 {[%clk 1:33:18]} Kxg7 {[%clk 1:20:40]} 15. Bxc6
{[%clk 1:33:37]} bxc6 {[%clk 1:20:57]} 16. b3 {[%clk 1:34:02]} Rad8
{[%clk 1:18:29]} 17. Rfd1 {[%clk 1:34:01]} R8d4 {[%clk 1:13:45]} 18. Rxd2
{[%clk 1:32:40]} Rxd2 {[%clk 1:14:09]} 19. Kf1 {[%clk 1:33:03]} Bg4
{[%clk 1:12:15]} 20. Ke1 {[%clk 1:29:43]} Rd8 {[%clk 1:09:15]} 21. Na4
{[%clk 1:28:07]} h5 {[%clk 1:07:31]} 22. Nc5 {[%clk 1:27:53]} Bc8
{[%clk 1:07:57]} 23. Rd1 {[%clk 1:27:50]} Re8 {[%clk 1:08:16]} 24. Kd2
{[%clk 1:21:50]} f5 {[%clk 1:08:42]} 25. Kc3 {[%clk 1:21:55]} f4 {[%clk 1:06:44]}
26. Nd3 {[%clk 1:08:22]} g5 {[%clk 1:04:09]} 27. e3 {[%clk 1:05:07]} f3
{[%clk 0:49:24]} 28. Nb4 {[%clk 1:03:52]} c5 {[%clk 0:49:27]} 29. Nd3
{[%clk 1:04:09]} Rd8 {[%clk 0:48:44]} 30. Rh1 {[%clk 1:02:34]} Kf6
{[%clk 0:46:39]} 31. Nxc5 {[%clk 1:02:45]} h4 {[%clk 0:45:08]} 32. gxh4
{[%clk 1:00:50]} gxh4 {[%clk 0:45:13]} 33. Rg1 {[%clk 1:01:13]} a5
{[%clk 0:44:51]} 34. a4 {[%clk 1:00:14]} Bf5 {[%clk 0:43:54]} 35. e4
{[%clk 0:58:55]} Bc8 {[%clk 0:42:18]} 36. Nd3 {[%clk 0:57:52]} Bh3
{[%clk 0:41:36]} 37. b4 {[%clk 0:54:20]} Rd4 {[%clk 0:34:53]} 38. bxa5
{[%clk 0:43:17]} Be6 {[%clk 0:34:34]} 39. Rg6+ {[%clk 0:39:15]} Kxg6
{[%clk 0:34:58]} 40. Nxe5+ {[%clk 0:39:39]} Kf6 {[%clk 0:35:23]} 41. Kxd4
{[%clk 0:40:02]} c5+ {[%clk 0:35:50]} 42. Kxc5 {[%clk 0:40:24]} Kxe5
{[%clk 0:36:16]} 43. a6 {[%clk 0:40:34]} 1-0

[Event "Ch_SFO"]
[Site "?"]
[Date "2018.03.17"]
[Round "4.9"]
[White "Vlassov, Nikolai"]
[Black "Chuldum, Artysh"]
[Result "1-0"]
[BlackElo "2122"]
[WhiteElo "2457"]
[LiveChessVersion "1.4.8"]

1. e4 c5 {[%clk 1:22:28]} 2. c3 {[%clk 1:31:22]} e6 {[%clk 1:21:15]} 3. d4
{[%clk 1:31:44]} Qc7 {[%clk 1:21:25]} 4. Nf3 {[%clk 1:30:52]} a6 {[%clk 1:20:55]}
5. Bd3 {[%clk 1:31:07]} b5 {[%clk 1:19:55]} 6. O-O {[%clk 1:31:29]} Bb7
{[%clk 1:20:11]} 7. Re1 {[%clk 1:31:05]} d6 {[%clk 1:20:26]} 8. a4
{[%clk 1:30:32]} c4 {[%clk 1:20:07]} 9. Bc2 {[%clk 1:30:45]} Nd7 {[%clk 1:20:33]}
10. Na3 {[%clk 1:26:39]} Qb6 {[%clk 1:15:19]} 11. b3 {[%clk 1:23:18]} cxb3
{[%clk 1:15:12]} 12. Bxb3 {[%clk 1:23:45]} Ngf6 {[%clk 1:15:30]} 13. axb5
{[%clk 1:19:22]} axb5 {[%clk 1:15:51]} 14. Ng5 {[%clk 1:18:00]} d5
{[%clk 1:08:57]} 15. exd5 {[%clk 1:15:59]} Nxd5 {[%clk 1:08:25]} 16. Qh5
{[%clk 1:15:15]} g6 {[%clk 1:07:23]} 17. Qf3 {[%clk 1:15:27]} N5f6
{[%clk 1:07:51]} 18. Qh3 {[%clk 1:15:43]} Be7 {[%clk 0:25:49]} 19. Nxf7
{[%clk 1:12:28]} Rf8 {[%clk 0:24:33]} 20. Rxe6 {[%clk 1:12:13]} Qa7
{[%clk 0:23:13]} 21. Nxb5 {[%clk 1:12:18]} Qxa1 {[%clk 0:16:15]} 22. Nbd6# 1-0

[Event "Ch_SFO"]
[Site "?"]
[Date "2018.03.17"]
[Round "4.10"]
[White "Ibadov, Dashgyn"]
[Black "Nevostrujev, Vladimir"]
[Result "1-0"]
[BlackElo "2419"]
[WhiteElo "2186"]
[LiveChessVersion "1.4.8"]

1. e4 {[%clk 1:30:57]} c5 {[%clk 1:31:13]} 2. Nf3 {[%clk 1:31:25]} d6
{[%clk 1:31:36]} 3. d4 {[%clk 1:31:51]} cxd4 {[%clk 1:32:00]} 4. Nxd4
{[%clk 1:32:18]} Nf6 {[%clk 1:32:25]} 5. Nc3 {[%clk 1:32:44]} a6 {[%clk 1:32:52]}
6. Nb3 {[%clk 1:33:10]} e6 {[%clk 1:32:14]} 7. g4 {[%clk 1:33:32]} b5
{[%clk 1:30:57]} 8. g5 {[%clk 1:32:31]} b4 {[%clk 1:27:36]} 9. Nd5
{[%clk 1:26:55]} Nxe4 {[%clk 1:21:06]} 10. Nxb4 {[%clk 0:45:10]} Bb7
{[%clk 1:13:50]} 11. Bg2 {[%clk 0:43:36]} Nd7 {[%clk 1:11:32]} 12. Nd3
{[%clk 0:41:35]} Be7 {[%clk 1:09:45]} 13. Qg4 {[%clk 0:37:05]} d5
{[%clk 1:07:32]} 14. h4 {[%clk 0:36:51]} Qc7 {[%clk 1:05:04]} 15. Qe2
{[%clk 0:35:05]} O-O {[%clk 1:01:18]} 16. Be3 {[%clk 0:33:52]} Rfc8
{[%clk 1:00:25]} 17. Rc1 {[%clk 0:32:00]} a5 {[%clk 0:55:38]} 18. O-O
{[%clk 0:30:08]} a4 {[%clk 0:54:25]} 19. Nd4 {[%clk 0:30:15]} Ba6
{[%clk 0:53:24]} 20. Qg4 {[%clk 0:25:01]} Ne5 {[%clk 0:51:11]} 21. Nxe5
{[%clk 0:25:10]} Qxe5 {[%clk 0:51:24]} 22. Rfd1 {[%clk 0:23:54]} a3
{[%clk 0:50:03]} 23. Bf4 {[%clk 0:20:30]} Be2 {[%clk 0:37:43]} 24. Nxe2
{[%clk 0:14:24]} Qxb2 {[%clk 0:38:05]} 25. Bxe4 {[%clk 0:12:54]} dxe4
{[%clk 0:38:28]} 26. Ra1 {[%clk 0:12:23]} Rd8 {[%clk 0:31:30]} 27. Ng3
{[%clk 0:11:02]} Qxc2 {[%clk 0:18:09]} 28. Qe2 {[%clk 0:10:53]} Qxe2
{[%clk 0:13:11]} 29. Nxe2 {[%clk 0:11:22]} f5 {[%clk 0:13:23]} 30. Nd4
{[%clk 0:08:28]} Ra6 {[%clk 0:11:34]} 31. Nb3 {[%clk 0:08:38]} Kf7
{[%clk 0:06:56]} 32. Rxd8 Bxd8 {[%clk 0:07:25]} 33. Rd1 {[%clk 0:08:50]} Be7
{[%clk 0:06:44]} 34. Rd7 {[%clk 0:06:52]} h6 {[%clk 0:04:43]} 35. Rc7
{[%clk 0:05:23]} Ke8 {[%clk 0:03:57]} 36. Nc5 {[%clk 0:02:00]} Rb6
{[%clk 0:03:57]} 37. Rc8+ {[%clk 0:02:28]} Kf7 {[%clk 0:04:10]} 38. Nd7
{[%clk 0:02:41]} Rb1+ {[%clk 0:04:10]} 39. Kg2 {[%clk 0:03:08]} e5
{[%clk 0:01:50]} 40. Nxe5+ {[%clk 0:03:33]} Ke6 {[%clk 0:02:19]} 41. gxh6 gxh6
42. Re8 {[%clk 0:02:39]} Rb2 {[%clk 0:02:20]} 43. Ng6 {[%clk 0:02:55]} Kf7
{[%clk 0:02:24]} 44. Rxe7+ {[%clk 0:03:18]} Kxg6 {[%clk 0:02:53]} 45. Re6+
{[%clk 0:03:24]} Kf7 {[%clk 0:01:29]} 46. Rxh6 {[%clk 0:03:44]} Rxa2
{[%clk 0:01:59]} 47. Ra6 {[%clk 0:04:02]} Ra1 {[%clk 0:01:42]} 48. h5
{[%clk 0:04:20]} a2 {[%clk 0:01:03]} 49. h6 {[%clk 0:04:38]} Rd1 {[%clk 0:00:44]}
50. Rxa2 {[%clk 0:04:53]} Rd8 {[%clk 0:01:01]} 51. Ra7+ {[%clk 0:05:02]} Kf6
{[%clk 0:01:12]} 52. h7 {[%clk 0:05:14]} Rh8 {[%clk 0:01:23]} 53. Kg3
{[%clk 0:05:08]} Kg6 {[%clk 0:01:48]} 54. Be5 {[%clk 0:05:23]} Rxh7
{[%clk 0:02:07]} 55. Rxh7 {[%clk 0:05:49]} Kxh7 {[%clk 0:02:34]} 56. Kf4
{[%clk 0:06:15]} Kg6 {[%clk 0:03:02]} 57. Bd4 {[%clk 0:06:39]} 1-0

[Event "Ch_SFO"]
[Site "?"]
[Date "2018.03.17"]
[Round "4.11"]
[White "Efanov, Mikhail"]
[Black "Kardashevskiy, Evgeny"]
[Result "1-0"]
[BlackElo "2411"]
[WhiteElo "2165"]
[LiveChessVersion "1.4.8"]

1. d4 {[%clk 1:30:57]} Nf6 {[%clk 1:30:52]} 2. c4 {[%clk 1:30:49]} e6
{[%clk 1:31:14]} 3. g3 {[%clk 1:29:21]} c5 {[%clk 1:31:27]} 4. d5
{[%clk 1:29:03]} exd5 {[%clk 1:31:50]} 5. cxd5 {[%clk 1:29:29]} d6
{[%clk 1:32:14]} 6. Nc3 {[%clk 1:27:53]} g6 {[%clk 1:32:34]} 7. Bg2
{[%clk 1:27:40]} Bg7 {[%clk 1:32:58]} 8. Nf3 {[%clk 1:27:25]} O-O
{[%clk 1:33:19]} 9. O-O {[%clk 1:27:48]} Re8 {[%clk 1:33:43]} 10. Nd2
{[%clk 1:24:57]} a6 {[%clk 1:33:56]} 11. a4 {[%clk 1:25:05]} Nbd7
{[%clk 1:33:55]} 12. h3 {[%clk 1:10:14]} Nh5 {[%clk 1:27:03]} 13. e4
{[%clk 0:52:54]} b6 14. Nc4 {[%clk 0:52:12]} Ne5 {[%clk 1:26:46]} 15. Ne3
{[%clk 0:45:31]} Nf6 {[%clk 1:14:04]} 16. f4 {[%clk 0:44:54]} Ned7
{[%clk 1:04:33]} 17. Nc4 {[%clk 0:40:06]} Qc7 18. e5 {[%clk 0:40:26]} dxe5
{[%clk 1:03:21]} 19. d6 {[%clk 0:40:26]} Qb8 {[%clk 1:03:30]} 20. fxe5
{[%clk 0:38:50]} Rxe5 {[%clk 1:00:40]} 21. Nxe5 {[%clk 0:16:17]} Nxe5
{[%clk 1:00:00]} 22. Rxf6 {[%clk 0:14:04]} Bxf6 {[%clk 0:54:33]} 23. Nd5 Bg7 24.
Ne7+ {[%clk 0:13:56]} Kf8 {[%clk 0:54:23]} 25. Nxc8 {[%clk 0:13:12]} Qxc8
{[%clk 0:52:57]} 26. d7 {[%clk 0:08:50]} Nxd7 {[%clk 0:52:58]} 27. Qd6+
{[%clk 0:08:59]} Kg8 {[%clk 0:48:40]} 28. Bxa8 Bd4+ {[%clk 0:48:56]} 29. Kh2
{[%clk 0:08:58]} Qxa8 {[%clk 0:45:03]} 30. Qxd7 {[%clk 0:07:42]} Qf3
{[%clk 0:45:27]} 31. Qe8+ Kg7 32. Qe1 {[%clk 0:07:56]} f6 {[%clk 0:44:03]} 33.
Ra3 {[%clk 0:07:43]} Qb7 {[%clk 0:43:55]} 34. Rd3 {[%clk 0:05:21]} Qd7
{[%clk 0:43:55]} 35. Be3 {[%clk 0:03:24]} Qf5 {[%clk 0:43:28]} 36. Qd2
{[%clk 0:03:16]} Be5 {[%clk 0:43:20]} 37. Rd7+ {[%clk 0:03:34]} Kf8
{[%clk 0:43:48]} 38. Qd5 {[%clk 0:01:48]} Qc2+ 39. Kh1 {[%clk 0:00:56]} Qb1+
{[%clk 0:43:59]} 40. Bg1 1-0

[Event "Ch_SFO"]
[Site "?"]
[Date "2018.03.17"]
[Round "4.12"]
[White "Lavrov, Sergey V"]
[Black "Salchak, Dolaan"]
[Result "1/2-1/2"]
[BlackElo "2169"]
[WhiteElo "2404"]
[LiveChessVersion "1.4.8"]

1. d4 {[%clk 1:30:30]} d5 {[%clk 1:23:25]} 2. Bf4 {[%clk 1:30:37]} Nf6
{[%clk 1:23:29]} 3. e3 {[%clk 1:31:01]} c5 {[%clk 1:22:31]} 4. Nf3
{[%clk 1:31:12]} Nc6 {[%clk 1:22:39]} 5. Nbd2 {[%clk 1:31:29]} e6
{[%clk 1:15:00]} 6. c3 {[%clk 1:31:50]} Bd6 {[%clk 1:10:44]} 7. Bg3
{[%clk 1:32:14]} O-O {[%clk 1:09:10]} 8. Bd3 {[%clk 1:32:38]} cxd4
{[%clk 1:08:33]} 9. exd4 {[%clk 1:32:31]} h6 {[%clk 0:55:50]} 10. Qe2
{[%clk 1:30:48]} a6 {[%clk 0:53:10]} 11. a4 {[%clk 1:30:15]} b6 {[%clk 0:52:51]}
12. Ne5 {[%clk 1:30:06]} Bxe5 {[%clk 0:51:50]} 13. dxe5 {[%clk 1:30:20]} Nd7
{[%clk 0:52:11]} 14. b4 {[%clk 1:28:36]} f5 {[%clk 0:49:46]} 15. exf6
{[%clk 1:24:20]} Qxf6 {[%clk 0:49:58]} 16. O-O {[%clk 1:24:30]} e5
{[%clk 0:46:27]} 17. Rad1 {[%clk 1:24:28]} Re8 {[%clk 0:44:54]} 18. Bb1
{[%clk 1:19:36]} Nf8 {[%clk 0:44:14]} 19. Ba2 {[%clk 1:16:46]} Be6
{[%clk 0:43:16]} 20. Nf3 {[%clk 1:15:25]} e4 {[%clk 0:42:17]} 21. Nd4
{[%clk 1:15:38]} Bf7 {[%clk 0:41:48]} 22. Bb3 {[%clk 0:35:15]} Ng6
{[%clk 0:39:29]} 23. f4 {[%clk 0:29:03]} Nxd4 {[%clk 0:37:21]} 24. Rxd4
{[%clk 0:28:23]} Ne7 {[%clk 0:37:49]} 25. f5 {[%clk 0:26:38]} Rac8
{[%clk 0:35:19]} 26. Be1 {[%clk 0:25:07]} Nxf5 {[%clk 0:27:34]} 27. Rd1
{[%clk 0:09:32]} Qe5 {[%clk 0:15:42]} 28. Qf2 {[%clk 0:07:46]} Be6
{[%clk 0:15:52]} 29. Bxd5 {[%clk 0:06:52]} Bxd5 {[%clk 0:16:17]} 30. Qxf5
{[%clk 0:07:16]} Bb3 {[%clk 0:10:21]} 31. Qxe5 {[%clk 0:04:41]} Rxe5
{[%clk 0:10:49]} 32. Rd7 {[%clk 0:04:17]} e3 {[%clk 0:10:22]} 33. Rf4
{[%clk 0:01:55]} Bxa4 34. Rb7 Rd8 {[%clk 0:07:58]} 35. Rd4 {[%clk 0:02:18]} Rxd4
{[%clk 0:06:43]} 36. cxd4 Rf5 {[%clk 0:07:05]} 37. g4 {[%clk 0:02:40]} Rf4
{[%clk 0:07:06]} 38. Bg3 {[%clk 0:01:38]} e2 {[%clk 0:06:40]} 39. Re7
{[%clk 0:01:51]} Rxd4 {[%clk 0:03:57]} 40. Rxe2 {[%clk 0:01:44]} Rxb4
{[%clk 0:04:19]} 41. g5 {[%clk 0:01:19]} hxg5 {[%clk 0:04:15]} 42. Re7
{[%clk 0:01:37]} Bb3 {[%clk 0:03:08]} 43. Kf2 {[%clk 0:01:31]} b5
{[%clk 0:02:53]} 44. Be5 {[%clk 0:01:26]} Bf7 {[%clk 0:03:09]} 45. Ra7
{[%clk 0:01:49]} Ra4 {[%clk 0:03:35]} 46. Ke3 {[%clk 0:01:50]} b4
{[%clk 0:03:22]} 47. Ke4 {[%clk 0:02:09]} b3+ 48. Kf5 Ra5 {[%clk 0:03:18]} 49.
Rb7 {[%clk 0:02:15]} Rc5 {[%clk 0:03:02]} 50. Rb8+ {[%clk 0:02:23]} Kh7
{[%clk 0:03:26]} 51. Rb7 {[%clk 0:02:47]} Kg8 52. Rb8+ Kh7 {[%clk 0:01:20]} 53.
Rb7 {[%clk 0:03:14]} Bg6+ {[%clk 0:01:29]} 54. Ke6 {[%clk 0:03:40]} Rb5
{[%clk 0:00:36]} 55. Rxb5 {[%clk 0:02:28]} axb5 {[%clk 0:01:05]} 56. Kd5
{[%clk 0:02:41]} g4 {[%clk 0:01:16]} 57. Kc5 {[%clk 0:02:55]} Bd3
{[%clk 0:01:39]} 58. Kb4 {[%clk 0:03:11]} Bc4 {[%clk 0:01:46]} 59. Kc3
{[%clk 0:03:21]} g6 {[%clk 0:01:59]} 60. Kb2 {[%clk 0:03:41]} Kh6
{[%clk 0:02:26]} 61. Bg3 {[%clk 0:03:56]} Kg5 {[%clk 0:02:45]} 62. Bb8
{[%clk 0:04:13]} Kf5 {[%clk 0:03:12]} 63. Bc7 {[%clk 0:04:36]} Ke4
{[%clk 0:03:38]} 64. Bb8 {[%clk 0:04:55]} Kf3 {[%clk 0:03:57]} 65. Bc7
{[%clk 0:05:18]} Kg2 {[%clk 0:04:22]} 66. Bb8 {[%clk 0:05:42]} 1/2-1/2

[Event "Ch_SFO"]
[Site "?"]
[Date "2018.03.17"]
[Round "4.13"]
[White "Boichuk, Alexei"]
[Black "Anikonov, Dmitry"]
[Result "0-1"]
[BlackElo "2398"]
[WhiteElo "2125"]
[LiveChessVersion "1.4.8"]

1. d4 {[%clk 1:30:57]} d6 {[%clk 1:30:55]} 2. c4 {[%clk 1:31:22]} e5
{[%clk 1:31:20]} 3. d5 {[%clk 1:31:21]} f5 {[%clk 1:31:43]} 4. Nc3
{[%clk 1:31:33]} Nf6 {[%clk 1:32:07]} 5. g3 {[%clk 1:29:14]} g6 {[%clk 1:31:11]}
6. Bg2 {[%clk 1:29:15]} Bg7 {[%clk 1:31:34]} 7. b3 {[%clk 1:29:15]} O-O
{[%clk 1:29:57]} 8. Bb2 {[%clk 1:29:35]} e4 {[%clk 1:28:48]} 9. Qd2
{[%clk 1:21:54]} Nbd7 {[%clk 1:27:58]} 10. Nh3 {[%clk 1:19:51]} Ne5
{[%clk 1:27:14]} 11. O-O {[%clk 1:17:37]} Re8 {[%clk 1:18:25]} 12. f4
{[%clk 1:05:04]} Nf7 {[%clk 1:13:19]} 13. e3 {[%clk 1:03:04]} c6 {[%clk 1:12:26]}
14. Rfd1 {[%clk 0:56:21]} Qb6 {[%clk 1:11:36]} 15. Nf2 {[%clk 0:55:33]} Bd7
{[%clk 1:09:36]} 16. dxc6 {[%clk 0:51:40]} bxc6 {[%clk 1:09:13]} 17. Na4
{[%clk 0:51:45]} Qc7 {[%clk 1:08:50]} 18. c5 {[%clk 0:51:07]} d5 {[%clk 1:08:29]}
19. Rdc1 {[%clk 0:48:39]} Nd8 {[%clk 1:08:31]} 20. Nd1 {[%clk 0:48:55]} Bc8
{[%clk 1:06:14]} 21. Ndc3 {[%clk 0:48:41]} Ba6 {[%clk 1:05:40]} 22. Bf1
{[%clk 0:48:20]} Bxf1 {[%clk 1:05:02]} 23. Rxf1 {[%clk 0:48:41]} Ne6
{[%clk 1:04:59]} 24. Ne2 {[%clk 0:48:44]} Rad8 {[%clk 1:02:20]} 25. Nd4
{[%clk 0:49:02]} Nxd4 {[%clk 1:02:37]} 26. Bxd4 {[%clk 0:49:21]} Nh5
{[%clk 1:02:54]} 27. Nc3 {[%clk 0:47:28]} Bxd4 {[%clk 1:02:57]} 28. Qxd4
{[%clk 0:47:46]} Ng7 {[%clk 1:03:21]} 29. Ne2 {[%clk 0:48:08]} Ne6
{[%clk 1:03:32]} 30. Qc3 {[%clk 0:48:15]} Qg7 {[%clk 1:03:38]} 31. Nd4
{[%clk 0:44:23]} Nxd4 {[%clk 1:03:26]} 32. Qxd4 {[%clk 0:42:00]} Qxd4
{[%clk 1:03:29]} 33. exd4 {[%clk 0:42:25]} Rb8 {[%clk 1:02:36]} 34. Kf2
{[%clk 0:41:44]} Rb4 {[%clk 1:02:45]} 35. Ke3 {[%clk 0:42:04]} a5
{[%clk 1:03:09]} 36. Rfc1 {[%clk 0:31:44]} Reb8 {[%clk 1:03:23]} 37. Rc3
{[%clk 0:32:03]} a4 {[%clk 1:02:44]} 38. Rb1 {[%clk 0:31:29]} Kf7
{[%clk 1:03:02]} 39. Rb2 {[%clk 0:29:47]} Ke6 {[%clk 1:02:55]} 40. h3
{[%clk 0:29:38]} axb3 {[%clk 1:02:49]} 41. Rcxb3 {[%clk 0:28:54]} Rxb3+
{[%clk 1:03:09]} 42. axb3 {[%clk 0:29:13]} Ra8 {[%clk 1:03:09]} 43. b4
{[%clk 0:23:12]} Ra3+ {[%clk 1:03:21]} 44. Kf2 {[%clk 0:23:38]} Rf3+
{[%clk 1:03:18]} 45. Kg2 {[%clk 0:24:01]} Rd3 {[%clk 1:03:30]} 46. b5
{[%clk 0:24:20]} cxb5 {[%clk 1:03:49]} 47. Rxb5 {[%clk 0:23:28]} Rxd4
{[%clk 1:04:14]} 48. Rb7 {[%clk 0:21:27]} Rd2+ {[%clk 1:04:30]} 49. Kf1
{[%clk 0:21:48]} d4 {[%clk 1:04:44]} 50. Rxh7 {[%clk 0:22:01]} d3
{[%clk 1:04:39]} 51. c6 {[%clk 0:22:14]} Rc2 {[%clk 1:05:02]} 52. Rg7
{[%clk 0:21:47]} Rc1+ {[%clk 1:04:04]} 53. Kf2 {[%clk 0:22:03]} d2
{[%clk 1:04:29]} 0-1